|
|
|
|
| LEADER |
03972nam a2200493 a 4500 |
| 001 |
13744886 |
| 008 |
100602r20072006cauab b 001 0 eng d |
| 010 |
|
|
|a 2004114897
|
| 020 |
|
|
|a 8131502848
|
| 020 |
|
|
|a 0534462235
|
| 040 |
|
|
|a DLC
|c DLC
|d DLC
|d BD-DhAAL
|
| 082 |
0 |
0 |
|a 570
|2 22
|
| 999 |
|
|
|c 8760
|d 8760
|
| 999 |
|
|
|c 8760
|
| 999 |
|
|
|c 8760
|
| 100 |
1 |
|
|a Starr, Cecie.
|9 51
|
| 245 |
1 |
0 |
|a Biology
|b :concepts and applications
|c /Cecie Starr, Christine A. Evers, Lisa Starr.
|
| 250 |
|
|
|a 6th ed.
|
| 260 |
|
|
|a Belmont, CA ;
|a Haryana,India :
|b Thomson, Brooks/Cole,
|c c2006.[Reprinted 2007]
|
| 300 |
|
|
|a xx, 795 p. :
|b col. ill., col. maps ;
|c 29 cm. + 1 CD-ROM (4 3/4 in.)
|
| 490 |
|
0 |
|a Brooks/Cole biology series
|
| 504 |
|
|
|a Includes bibliographical references and index.
|
| 541 |
1 |
|
|e 00020338
|
| 650 |
|
0 |
|a Biology.
|9 52
|
| 700 |
1 |
|
|a Evers, Christine A.
|9 962
|
| 700 |
1 |
|
|a Starr, Lisa.
|9 963
|
| 852 |
4 |
|
|a Ayesha Abed Library
|j General shelf
|
| 942 |
|
|
|2 ddc
|c BK
|0 7
|
| 952 |
|
|
|0 0
|1 0
|2 ddc
|4 0
|6 570_STA_200700000000000
|7 0
|9 10615
|a BRACUL
|b BRACUL
|c GEN
|d 2010-06-02
|l 30
|m 175
|o 570 STA
|p 3010020338
|r 2024-10-06
|s 2024-06-13
|t 1
|w 2010-06-02
|y BK
|
| 952 |
|
|
|0 0
|1 0
|2 ddc
|4 0
|6 570_000000000000000_STA_2007
|7 0
|9 12486
|a BRACUL
|b BRACUL
|c GEN
|d 2010-10-14
|e Paragon Enterprises Ltd.
|g 856.00
|l 30
|m 154
|o 570 STA
|p 3010021340
|r 2025-03-15
|s 2025-03-09
|t 2
|w 2010-10-14
|y BK
|
| 952 |
|
|
|0 0
|1 0
|2 ddc
|4 0
|6 570_STA_200700000000000
|7 0
|9 12487
|a BRACUL
|b BRACUL
|c GEN
|d 2010-10-14
|e Paragon Enterprises Ltd.
|g 856.00
|l 39
|m 220
|o 570 STA
|p 3010021341
|r 2025-07-28
|s 2025-07-21
|t 3
|w 2010-10-14
|y BK
|
| 952 |
|
|
|0 0
|1 0
|2 ddc
|4 0
|6 570_STA_200700000000000
|7 0
|9 12488
|a BRACUL
|b BRACUL
|c GEN
|d 2010-10-14
|e Paragon Enterprises Ltd.
|g 856.00
|l 39
|m 277
|o 570 STA
|p 3010021342
|r 2024-10-07
|s 2023-06-05
|t 4
|w 2010-10-14
|y BK
|
| 952 |
|
|
|0 0
|1 0
|2 ddc
|4 0
|6 570_STA_200700000000000
|7 0
|9 12489
|a BRACUL
|b BRACUL
|c GEN
|d 2010-10-14
|e Paragon Enterprises Ltd.
|g 856.00
|l 39
|m 245
|o 570 STA
|p 3010021343
|r 2024-05-13
|s 2024-02-17
|t 5
|w 2010-10-14
|y BK
|
| 952 |
|
|
|0 0
|1 0
|2 ddc
|4 0
|6 570_STA_200700000000000
|7 0
|9 12490
|a BRACUL
|b BRACUL
|c GEN
|d 2010-10-14
|e Paragon Enterprises Ltd.
|g 856.00
|l 32
|m 211
|o 570 STA
|p 3010021344
|r 2023-03-05
|s 2023-02-28
|t 6
|w 2010-10-14
|y BK
|
| 952 |
|
|
|0 0
|1 0
|2 ddc
|4 0
|6 570_000000000000000_STA
|7 0
|9 12492
|a BRACUL
|b BRACUL
|c GEN
|d 2010-10-14
|e Paragon Enterprises Ltd.
|g 856.00
|l 35
|m 167
|o 570 STA
|p 3010021346
|r 2025-12-10
|s 2025-10-20
|t 8
|w 2010-10-14
|y BK
|x Koha Inventory 2020
|
| 952 |
|
|
|0 0
|1 0
|2 ddc
|4 0
|6 570_STA_200700000000000
|7 0
|9 12493
|a BRACUL
|b BRACUL
|c GEN
|d 2010-10-14
|e Paragon Enterprises Ltd.
|g 856.00
|l 23
|m 143
|o 570 STA
|p 3010021347
|r 2023-09-07
|s 2023-05-30
|t 9
|w 2010-10-14
|y BK
|
| 952 |
|
|
|0 0
|1 0
|2 ddc
|4 0
|6 570_STA_200700000000000
|7 0
|9 12510
|a BRACUL
|b BRACUL
|c GEN
|d 2010-10-18
|e Paragon Enterprises Ltd.
|g 856.00
|l 30
|m 140
|o 570 STA
|p 3010021348
|r 2024-03-14
|s 2024-03-07
|t 10
|w 2010-10-18
|y BK
|
| 952 |
|
|
|0 0
|1 0
|2 ddc
|4 0
|6 570_000000000000000_STA_2007
|7 0
|9 12511
|a BRACUL
|b BRACUL
|c GEN
|d 2010-10-18
|e Paragon Enterprises Ltd.
|g 856.00
|l 32
|m 163
|o 570 STA
|p 3010021349
|r 2025-01-17
|s 2024-10-06
|t 11
|w 2010-10-18
|y BK
|
| 952 |
|
|
|0 0
|1 0
|2 ddc
|4 0
|6 570_STA_200700000000000
|7 0
|9 13938
|a BRACUL
|b BRACUL
|c AV
|d 2011-01-17
|l 0
|o 570 STA
|p 4010021343
|r 2011-01-17
|t 1
|w 2011-01-17
|y AV
|
| 952 |
|
|
|0 0
|1 0
|2 ddc
|4 0
|6 570_STA_200700000000000
|7 0
|9 13975
|a BRACUL
|b BRACUL
|c AV
|d 2011-01-18
|l 1
|o 570 STA
|p 4010021341
|r 2011-03-10
|s 2011-03-08
|t 2
|w 2011-01-18
|y AV
|
| 952 |
|
|
|0 0
|1 0
|2 ddc
|4 0
|6 570_STA_200700000000000
|7 0
|9 13976
|a BRACUL
|b BRACUL
|c AV
|d 2011-01-18
|l 1
|o 570 STA
|p 4010021344
|r 2012-07-23
|s 2012-07-22
|t 3
|w 2011-01-18
|y AV
|
| 952 |
|
|
|0 0
|1 0
|2 ddc
|4 0
|6 570_STA_200700000000000
|7 0
|9 13977
|a BRACUL
|b BRACUL
|c AV
|d 2011-01-18
|l 1
|o 570 STA
|p 4010021345
|r 2015-04-29
|s 2015-04-26
|t 4
|w 2011-01-18
|y AV
|
| 952 |
|
|
|0 0
|1 0
|2 ddc
|4 0
|6 570_STA_200700000000000
|7 0
|9 13978
|a BRACUL
|b BRACUL
|c AV
|d 2011-01-18
|l 1
|o 570 STA
|p 4010021346
|r 2012-09-17
|s 2012-09-05
|t 5
|w 2011-01-18
|y AV
|
| 952 |
|
|
|0 0
|1 0
|2 ddc
|4 0
|6 570_STA_200700000000000
|7 0
|9 13979
|a BRACUL
|b BRACUL
|c AV
|d 2011-01-18
|l 1
|o 570 STA
|p 4010021348
|r 2013-02-20
|s 2013-02-13
|t 6
|w 2011-01-18
|y AV
|